000 00701nam a22002177a 4500
005 20170124110021.0
010 _aB-092575
020 _c00.00
_a8178880997
035 _aB-092575
037 _bCen Lib/Ret
040 _aDPL
_bEN
082 _a541.38
_bSHE
100 _aShekar, C. V.
_919702
245 _aNuclear chemistry :
_cby C. V. Shekar
_bfor B.Sc and M.Sc. students of Indian universitioes /
260 _aNew Delhi
_bDominant Publishers
_c2003
270 _bDelhi
_a116A, Sout Anarkali
_e110051
300 _a452p.:
_c20cm(Hb)
_bill.
650 _aNuclear chemistry--Research
_919703
650 _aNuclear chemistry--Experiments
_919704
942 _2ddc
_cEN
_h541.38
_mSHE
999 _c127184
_d127184